000
00262nam a22000977a 4500
008
150825b xxu||||| |||| 00| 0 eng d
082
_a
330 FRI
100
_a
FRISS I.
245
_a
ECONOMIC LAWS, POLICY,PLANNING
260
_a
CAMBRIDGE
_b
AKADEMIAI KIADO BUDAPEST
_c
1971
999
_c
898
_d
898